KỸ thuật đo lường điện và các thuật toán đo phi điện
Nội dung giáo trình gồm hai phần đo lường đại lượng điện và các thuật toán đo phi điện.
Bewaard in:
| Hoofdauteur: | |
|---|---|
| Formaat: | Boek |
| Taal: | Undetermined |
| Gepubliceerd in: |
Hà Nội
Xây dựng
2017
|
| Onderwerpen: | |
| Tags: |
Voeg label toe
Geen labels, Wees de eerste die dit record labelt!
|
| Thư viện lưu trữ: | Trung tâm Học liệu Trường Đại học Cần Thơ |
|---|
| LEADER | 00850nam a2200205Ia 4500 | ||
|---|---|---|---|
| 001 | CTU_227263 | ||
| 008 | 210402s9999 xx 000 0 und d | ||
| 020 | |c 152000 | ||
| 082 | |a 621.38154 | ||
| 082 | |b Ch300 | ||
| 100 | |a Đặng, Văn Chí | ||
| 245 | 0 | |a KỸ thuật đo lường điện và các thuật toán đo phi điện | |
| 245 | 0 | |c Đặng Văn Chí | |
| 260 | |a Hà Nội | ||
| 260 | |b Xây dựng | ||
| 260 | |c 2017 | ||
| 520 | |a Nội dung giáo trình gồm hai phần đo lường đại lượng điện và các thuật toán đo phi điện. | ||
| 650 | |a Electronic instruments,Electronic measurements,Electronic measurements,Dụng cụ điện,Kỹ thuật đo lường | ||
| 904 | |i Dương, Hằng | ||
| 980 | |a Trung tâm Học liệu Trường Đại học Cần Thơ | ||